00667 2200241 4500001002100000005001700021008004100038020001800079035002400097082001000121090001700131100002300148245006800171250001100239260003400250300002900284500003100313650001200344650002100356850001200377990001800389990001800407YOGYA-0209000001723820090227022733.0 ind  a979-421-203-2 0010-020900000017238 a581.5 a581.5bJum E aJUMIN, Hasan Basri aEkologi tanamanbsuatu pendekatan fisiologiscHasan Basri Jumin aCet. 2 aJakartabRajawali Pressc1992 axi, 162 hlmbilusc21 cm aBibliografi : hlm. 157-162 aTanaman aBotani - Ekologi aYOPDYOG a56417-P/95b1 a56418-P/95b1